| 000 | 00833nam a22002537a 4500 | ||
|---|---|---|---|
| 005 | 20170124105941.0 | ||
| 010 | _aA-543874 | ||
| 020 | _c00.00 | ||
| 035 | _aA-543874 | ||
| 037 | _bCen Lib/Ret | ||
| 040 |
_aDPL _bEN |
||
| 082 |
_a338.954 _bMAL |
||
| 100 |
_aMali, Dharani Dhar _911228 |
||
| 245 |
_aIndustrial development in north east india / _cby D. D. Mali [and] P. Deka |
||
| 260 |
_aGuwahati _bOmsons Publications _c1987 |
||
| 270 |
_bGuwahati _aJasomanta Road Panbazar _e781001 |
||
| 300 |
_axx,179p. _c22cmHb) |
||
| 650 |
_aSmall business _911229 |
||
| 650 |
_aIndia, Northeastern _911230 |
||
| 650 |
_a यात्रा और पर्यटन _911231 |
||
| 650 |
_aविकासशील देश-पर्यटन _93126 |
||
| 700 |
_aDeka, P _911232 |
||
| 942 |
_2ddc _cEN _h338.594 _mMAL |
||
| 999 |
_c124558 _d124558 |
||